Visualizzazione normale
Vista MARC
- Di Diodato Roberto
di Personal Name
Records bibliografici associati: 1
001 - CONTROL NUMBER
- control field: 37548
003 - CONTROL NUMBER IDENTIFIER
- control field: IT-RoPau
005 - DATE AND TIME OF LATEST TRANSACTION
- control field: 20151125170417.0
008 - FIXED-LENGTH DATA ELEMENTS
- fixed length control field: 151125|| aca||aabn | a|a d
040 ## - CATALOGING SOURCE
- Original cataloging agency: IT-RoPau
- Transcribing agency: IT-RoPau
100 ## - HEADING--PERSONAL NAME
- Personal name: Di Diodato Roberto
- Relator term: (soggetto)
- Miscellaneous information: Codice Soggetto 2° SPICS: 55765
670 ## - SOURCE DATA FOUND
- Source citation: Work cat.: (IT-RoPau)104766: Russo Mimma Codice regista SPICS: 56127 37544, VANGELO SECONDO LA VITA (IL) VANGELO SECONDO LA VITA (IL) (Rif. Codice opera principale : G9554)